Aerodynamics for Engineering students (Record no. 298703)

000 -LEADER
fixed length control field 00299 a2200121 4500
001 - CONTROL NUMBER
control field 63630
082 ## - DEWEY DECIMAL CLASSIFICATION NUMBER
Classification number 629.1323 HOU
090 ## - LOCALLY ASSIGNED LC-TYPE CALL NUMBER (OCLC); LOCAL CALL NUMBER (RLIN)
-- 37628
-- 37628
100 ## - MAIN ENTRY--PERSONAL NAME
Personal name Houghton E.L
245 ## - TITLE STATEMENT
Title Aerodynamics for Engineering students
Medium English
260 ## - PUBLICATION, DISTRIBUTION, ETC.
Place of publication, distribution, etc. London
Name of publisher, distributor, etc. Edward Arnold
Date of publication, distribution, etc. 1993
300 ## - PHYSICAL DESCRIPTION
Extent 458p
942 ## - ADDED ENTRY ELEMENTS (KOHA)
Institution code [OBSOLETE] NUST-CAE
Call number prefix 629.1323 HOU
Holdings
Withdrawn status Lost status Damaged status Not for loan Collection code Permanent Location Current Location Date acquired Total Checkouts Full call number Barcode Date last seen Price effective from Koha item type
          College of Aeronautical Engineering (CAE) College of Aeronautical Engineering (CAE) 04/03/2017   629.1323 HOU CAEG-5362 04/05/2017 04/05/2017 Book
© 2023 Central Library, National University of Sciences and Technology. All Rights Reserved.